| 000 | 01152cam a22003371 4500 | ||
|---|---|---|---|
| 001 | 1223909 | ||
| 003 | EG-ScBUE | ||
| 005 | 20220316115322.0 | ||
| 008 | 720420s1964 nyu f 000 0aeng d | ||
| 040 |
_aDLC _beng _erda _cDLC _dDLC _dEG-ScBUE |
||
| 041 | 1 |
_aeng _hfre |
|
| 082 | 0 | 4 |
_a848.91409 _222 _bSAR |
| 100 | 1 |
_aSartre, Jean-Paul, _d1905-1980, _eauthor. _910153 |
|
| 240 | 1 | 0 |
_aMots. _lEnglish |
| 245 | 1 | 4 |
_aThe words / _cJean-Paul Satre ; translated from the French by Bernard Frechtman. |
| 264 | 1 |
_aNew York : _bGeorge Braziller, _c1964. |
|
| 300 |
_a255 pages ; _c21 cm |
||
| 336 |
_2rdacontent _atext _btxt |
||
| 337 |
_2rdamedia _aunmediated _bn |
||
| 338 |
_2rdacarrier _avolume _bnc |
||
| 546 | _aText in English ; translated from the original French. | ||
| 600 | 1 | 7 |
_aSartre, Jean-Paul, _d1905-1980. _2BUEsh |
| 650 | 7 |
_aAuthors, French _y20th century _xBiography. _2BUEsh _910156 |
|
| 650 | 7 |
_aPhilosophers _zFrance _xBiography. _2BUEsh _910157 |
|
| 651 | _2BUEsh | ||
| 653 |
_bGGEN _cMarch2022 |
||
| 655 |
_vReading book _934232 |
||
| 700 | 1 |
_aFrechtman, Bernard, _etranslator. |
|
| 942 |
_2ddc _cBB |
||
| 999 |
_c13082 _d13082 |
||